| 000 | 00573nam a2200205 a 4500 | ||
|---|---|---|---|
| 003 | DO-SdBNP | ||
| 005 | 20210923081356.0 | ||
| 007 | ta | ||
| 008 | 210922e2018 dr ac||gr|||| 001 e spa d | ||
| 020 | _a9789945132038 | ||
| 040 |
_aDO-SdBNP _bspa _cBNPHU |
||
| 082 | 4 |
_bM778v _222 |
|
| 100 | 1 |
_961922 _aMontero, Raúl |
|
| 245 |
_aVilla Majega, mi barrio / _cRaúl Montero |
||
| 260 |
_aBaní : _bMediabyte, _c2018 |
||
| 300 |
_a168 p.: _bil., retr.; _c22 cm |
||
| 500 | _aIncluye biografía del autor en la cubierta. | ||
| 590 | _aInventariado 2021 / MF | ||
| 942 |
_2ddc _cLBS1 |
||
| 999 |
_c50642 _d50642 |
||